Capitales de Provincia Españolas por Tasa de Paro - Estadísticas

Estadísticas generales
  • Esta prueba ha sido intentada 37 veces
  • La puntuación promedio es 47 de 52
Estadísticas de respuestas
Tasa de Paro Ciudad % Correcto
6,88% Barcelona
100%
15,05% Badajoz
97%
13,56% Cáceres
97%
13,73% Castellón de La Plana
97%
14,68% Huelva
97%
12,14% León
97%
7,05% Madrid
97%
11,08% Valencia
97%
8,45% Zaragoza
97%
16,45% Alicante
94%
10,42% La Coruña
94%
8,94% Lérida
94%
9,12% Lugo
94%
16,43% Málaga
94%
12,03% Orense
94%
11,16% Oviedo
94%
5,59% Palma de Mallorca
94%
10,66% Pontevedra
94%
16,39% Sevilla
94%
6,25% Teruel
94%
16,15% Almería
92%
24,74% Cádiz
92%
27,39% Ceuta
92%
18,33% Granada
92%
7,66% Huesca
92%
16,88% Las Palmas de Gran Canaria
92%
25,06% Melilla
92%
10,97% Murcia
92%
9,57% Palencia
92%
17,44% Santa Cruz de Tenerife
92%
9,68% Tarragona
92%
9,74% Toledo
92%
10,93% Ávila
89%
12,14% Bilbao
89%
14,11% Ciudad Real
89%
17,81% Córdoba
89%
8,14% Gerona
89%
10,70% Guadalajara
89%
15,81% Jaén
89%
8,25% Segovia
89%
10,54% Cuenca
86%
8,72% Logroño
86%
6,68% Soria
86%
10,26% Vitoria-Gasteiz
86%
13,31% Zamora
86%
12,58% Albacete
83%
7,80% Burgos
83%
12,80% Salamanca
83%
12,17% Santander
83%
9,98% Valladolid
83%
6,92% Donostia/San Sebastián
81%
9,49% Pamplona/Iruña
81%
No se encontraron pruebas coincidentes
Distribución de puntuación
Porcentaje de gente con cada puntuación
Porcentaje por número respondido
Historial de tus puntuaciones
No has intentado esta prueba.